00757nam a2200181Ia 4500999001700000008004100017082001700058100002200075245002100097250000900118260003400127300000800161650001000169700003300179942001500212952018000227952016800407 c10812d10812191201s2011 xx 000 0 und d a658.421bHIE aHISRICH, Robert D 0aEntrepreneurship a11th aNew DelhibMc Graw Hillc2020 a558 aB Com aPETERS, Michael P and others 2ddccBK01 00102ddc40708BCOMaPIETNCRbPIETNCRd2021-07-24eKirti PrakashanfIN Rupeesg825.00kIN2290l1o658.421 HIEpN1711r2023-01-24 00:00:00s2023-01-04v561.00w2021-07-24yBK 00102ddc40708BCOMaPIETNCRbPIETNCRd2021-07-24eKirti PrakashanfIN Rupeesg825.00kIN2290l0o658.421 HIEpN1712r2021-08-06 00:00:00v561.00w2021-07-24yBK